Ganadores de la champions-Muerte súbita - Estadísticas

Estadísticas generales
  • Esta prueba ha sido intentada 421 veces
  • La puntuación promedio es 14 de 23
Answers on the Grid
Answers color-coded by a green-red scale on the quiz's grid according to % correct below.
Madrid
Milan
Liverpool
Bayern Munich
Barcelona
Leverkusen
Ajax
Manchester United
Inter Milan
Chelsea
Nottingham Forest
Benfica
Sporting Lisboa
Porto
Juventus
Manchester city
Borussia Dortmund
Feyenoord
Marseille
Aston Villa
Hamburg
Crvena Zvezda
FCSB
PSV
Celtic
Hellas Verona
Real Betis
Atlético de Madrid
Dynamo Kiev
PSG
Mónaco
Lyon
Real Sociedad
Athletic Club Bilbao
Arsenal
Málaga
Deportivo
Girona
Roma
Lazio
Stuttgart
West Ham
Sevilla
Olympiakos
Wolves
Panathinaikos
Boca Juniors
Al-Nassr
 
Estadísticas de respuestas
Respuesta % Correcto
Liverpool
72%
Barcelona
71%
Inter Milan
71%
Manchester United
71%
Bayern Munich
70%
Chelsea
69%
Madrid
69%
Milan
69%
Ajax
68%
Manchester city
67%
Juventus
66%
Porto
65%
Benfica
63%
Nottingham Forest
63%
Borussia Dortmund
62%
Marseille
61%
Aston Villa
60%
Celtic
60%
PSV
60%
Feyenoord
53%
Hamburg
52%
Crvena Zvezda
36%
FCSB
35%
No se encontraron pruebas coincidentes
Distribución de puntuación
Porcentaje de gente con cada puntuación
Porcentaje por número respondido
Historial de tus puntuaciones
No has intentado esta prueba.